00291nam a2200109Ia 450010000210000024501000002126000120012126000110013326000090014430000070015365000210016010aHerath,H.M.G.K.E aStudy of Chemical Composition and Propertie of Selected Traditional Rice Varieties in Sri Lanka aColombo bIchemc c2014 a50 aTraditional Rice